| 000 | 01151nam0a22002891 4500 | ||
|---|---|---|---|
| 001 | rc\406247 | ||
| 005 | 20250621073905.0 | ||
| 035 | _a(NLR Aleph) 005654617 | ||
| 090 |
_a6808318 _c6808318 |
||
| 100 | _a20030616d1987 |||y0rusy50 ca | ||
| 101 | 0 | _arus | |
| 102 | _aRU | ||
| 105 | _aa ||||||||| | ||
| 200 | 1 |
_aДиаграмма состояния и рентгенографические исследования системы TlInSe₂-TlGaTe₂ _fАбдинбеков С.С., Бидзинова С.М., Годжаев М.М. |
|
| 210 |
_aБаку _cСКБ ИФАН _d1987 |
||
| 215 |
_a23 с. _cил. _d20 |
||
| 225 | 1 |
_aПрепринт _fАН АзССР, Ин-т физики. Лаб. "Кристаллофизика" _v№ 206 |
|
| 300 | _aРез. на англ. яз. | ||
| 320 | _aБиблиогр.: с. 22-23 | ||
| 700 | 1 |
_aАбдинбеков _bС.С. оглы _gСадых Сулейман оглы |
|
| 701 | 1 |
_aБидзинова _bС.М. кызы _gСима Мамед кызы |
|
| 701 | 1 |
_aГоджаев _bМ.М. |
|
| 801 | 0 |
_aRU _bNLR _gpsbo |
|
| 801 | 1 |
_aRU _bELAR _2rusmarc |
|
| 852 |
_aNLR _j88-4/7296 |
||
| 942 | _cBOOK | ||
| 980 | _aNB | ||